000 01418nam a2200325 i 4500
001 000006269
003 DO-SdBNP
005 20260311144725.0
007 ta
008 090827s1997 dr 000 0 spa d
040 _aDO-SdBNP
_bspa
_cBNPHU
_erda
041 _aspa
082 4 _a370.115
_bG216v
_222
100 1 _aGarcía Romero, Gladys Graciela
_917396
_eautor
_4aut.
245 1 0 _aVivamos la democracia :
_bguía para educadores y educadoras /
_cGladys Graciela García Romero ; presentación, Guillermo de la Rosa B.
264 _aSanto Domingo, República Dominica :
_bCentral de Servicios Pedagógicos,
_c1997.
300 _axi, 139 páginas :
_bilustraciones ;
_c21 cm.
336 _atexto
_btxt
_2rdacontent
337 _asin mediación
_bn
_2rdamedia
338 _avolumen
_bnc
_2rdacarrier
500 _aIncluye datos biográficos de la autora en la solapa de la contracubierta.
504 _aBibliografía: páginas 135-139
505 0 _gPresentación /
_rGuillermo de la Rosa B. --
_tSugerencias para el uso de esta guía --
_tLa participación --
_tEl pluralismo --
_tLa libertad --
_tLa justicia --
_tEl respeto --
_tAnexos --
_gBibliografía.
590 _aInventariado, 2018/LP
650 0 _aDemocracia
_xAspectos sociales
_917517
650 0 _aEducación cívica
_91206
700 1 _aRosa, Guillermo de la,
_epresentador
_917518
_4pr.
910 _aValidado. Control de calidad EMS
942 _2ddc
_cLBS1
999 _c6064
_d6064